LEADER 01123nam0 22003131i 450 001 RML0300161 005 20231121125742.0 100 $a20121121d1990 ||||0itac50 ba 101 | $aita 102 $ait 181 1$6z01$ai $bxxxe 182 1$6z01$an 200 1 $aImbarazzo$evergogna e altri affanni$aa cura di Valentina D'Urso 210 $aMilano $cCortina $d1990 215 $aX, 248 p.$d22 cm 225 | $aNautilus$c- Milano $eCortina $v3 410 0$1001RML0331366$12001 $aNautilus$c- Milano $eCortina $v3 606 $aVergogna$2FIR$3RMLC195196$9I 676 $a152.4$9EMOZIONI E SENTIMENTI$v21 702 1$aD'Urso$b, Valentina$3RMLV168842 801 3$aIT$bIT-01$c20121121 850 $aIT-FR0017 899 $aBiblioteca umanistica Giorgio Aprea$bFR0017 912 $aRML0300161 950 0$aBiblioteca umanistica Giorgio Aprea$d 52CIS 9/1952$e 52VM 0000701355 VM barcode:00061628. - Inventario:6060 FSSVM$fA $h20070903$i20121204 977 $a 52 996 $aImbarazzo$93629709 996 $aA cura di Valentina D'Urso$93629710 997 $aUNICAS LEADER 01425nam2 22003251i 450 001 UON00428774 005 20231205104858.358 010 $a04-04-08750-7 100 $a20130709d1921 |0itac50 ba 101 $aeng 102 $aGB 105 $a|||| 1|||| 200 1 $aˆThe ‰Ebb-tide$fRobert Louis Stevenson 210 $aNew York$aLondon$cScribner$d1921 215 $a472 p.$d18 cm. 461 1$1001UON00201091$12001 $aˆThe ‰Works of Robert Louis Stevenson$1205 $a New York : Vailima$b1921$1210 $a26 v.$a18 cm$1215 $aMancano i volumi 10, 14, 19.$v18 464 1$1001UON00428776$12001 $aHeathercat$fRobert Louis Stevenson$v 464 1$1001UON00428775$12001 $aWeir of Hermiston$fRobert Louis Stevenson$v 464 1$1001UON00428777$12001 $aˆThe ‰Young chevalier$fRobert Louis Stevenson$v 606 $aLetteratura inglese$xSec. 20.$3UONC076988$2FI 620 $aUS$dNew York$3UONL000050 620 $aGB$dLondon$3UONL003044 676 $a824.91$cLetteratura inglese. Saggi. Sec. 20.$v21 700 1$aSTEVENSON$bRobert Louis$3UONV090482$07383 801 $aIT$bSOL$c20250704$gRICA 899 $aSIBA - SISTEMA BIBLIOTECARIO DI ATENEO$2UONSI 912 $aUON00428774 950 $aSIBA - SISTEMA BIBLIOTECARIO DI ATENEO$dSI Angl V A STEV 016 $eSI SI 8510/15 5 016 $sBuono 996 $aEbb-tide$9541092 997 $aUNIOR